Greek Mythology Bunker Quiz Stats

 Plays Quiz Updated Apr 5, 2017

Support Sporcle.
Go Orange.
Score 0/15 Timer 07:00
7 Plays Today
Question Answer % Correct
????
96.7%
????
91.5%
????
84.6%
????
83.1%
????
72.7%
????
60.3%
????
55.5%
????
53.9%
Question Answer % Correct
????
51.6%
????
50.6%
????
44.6%
????
29.7%
????
17.1%
????
12.8%
????
8.4%

You're not logged in!

Compare scores with friends on all Sporcle quizzes.
OR
Log In
Forgot?

From the Vault

From the Last Page (Novels)

by webmaestro2000

Sometimes it's just easier to turn right to the last page.
Remove Ads.
Support Sporcle.
Get the best of Sporcle when you Go Orange. This ad-free experience offers more features, more stats, and more fun while also helping to support Sporcle. Thank you for becoming a member.

Show Comments

Extras

Top Quizzes Today


Score Distribution

Your Account Isn't Verified!

In order to create a playlist on Sporcle, you need to verify the email address you used during registration. Go to your Sporcle Settings to finish the process.

Report this User

Report this user for behavior that violates our Community Guidelines.

Details: